| 000 | 00490nam a2200169Ia 4500 | ||
|---|---|---|---|
| 999 |
_c19895 _d19895 |
||
| 003 | OSt | ||
| 005 | 20200707145203.0 | ||
| 008 | 190216s9999||||xx |||||||||||||| ||und|| | ||
| 020 | _a0195031342 | ||
| 040 | _coclc | ||
| 082 |
_a951.057 _bHSU/C |
||
| 100 |
_aHsu, Immanuel C Y _93630 |
||
| 245 | 0 |
_aChina Without Mao / _cImmanuel C Y Hsu |
|
| 260 |
_bOxford University Press, _c1982. _aNew York: |
||
| 300 | _a212p | ||
| 942 |
_cBK _2ddc _h951.057 _iHSU/C _k951.057 _mHSU/C |
||